[Event "ITA-ch sf"]
[Site "Saint Vincent"]
[Date "1999.??.??"]
[Round "4"]
[White "Iotti, Pierluigi"]
[Black "Caposciutti, Maurizio"]
[Result "1-0"]
[WhiteElo "2318"]
[BlackElo "2273"]
[PlyCount "153"]
[EventDate "1999.??.??"]
[EventType "swiss"]
[EventRounds "9"]
[EventCountry "ITA"]
[SourceTitle "EXT 2000"]
[Source "ChessBase"]
[SourceDate "1999.11.16"]
[SourceVersion "1"]
[SourceVersionDate "1999.11.16"]
[SourceQuality "1"]

1. d4 d6 2. Nf3 Bg4 3. Nbd2 Nd7 4. h3 Bh5 5. e3 c6 6. Bd3 Ngf6 7. c4 e5 8. 0-0 Be7 9. Qc2 0-0 10. b3 Re8 11. Bb2 Bf8 12. Ng5 Bg6 13. Bxg6 hxg6 14. dxe5 dxe5 15. Rad1 Qc7 16. Nde4 Nxe4 17. Qxe4 Be7 18. Qg4 Nf6 19. Qf3 a5 20. a4 Rad8 21. Ne4 Rxd1 22. Rxd1 Rd8 23. Nxf6+ gxf6 24. e4 Rxd1+ 25. Qxd1 Qd6 26. Qxd6 Bxd6 27. Kf1 Kg7 28. Ke2 Bc5 29. f3 b6 30. Kd3 g5 31. Bc3 Kg6 32. Bd2 Be7 33. Kc2 f5 34. g4 fxe4 35. fxe4 Kf6 36. b4 axb4 37. Kb3 c5 38. a5 bxa5 39. Ka4 Ke6 40. Kxa5 b3 41. Bc3 Kd6 42. Ka4 f6 43. Kxb3 Kc6 44. Ka4 Bd8 45. Be1 Bc7 46. h4 gxh4 47. Bxh4 Bd8 48. Be1 Bc7 49. Bc3 Bd8 50. Bd2 Bc7 51. Bh6 Bd8 52. Bf8 Kb6 53. Kb3 Kc6 54. Kc2 Kb6 55. Kd3 Kc6 56. Ke2 Kb6 57. Kf3 Kc6 58. g5 fxg5 59. Kg4 Kd7 60. Bxc5 Ke6 61. Be3 Be7 62. Bxg5 Bc5 63. Bd2 Kf6 64. Bg5+ Ke6 65. Bd8 Bd4 66. Ba5 Bc5 67. Kg5 Be3+ 68. Kg6 Bc5 69. Kg7 Bd4 70. Bb4 Bf2 71. Kf8 Kf6 72. Be7+ Ke6 73. Ke8 Bb6 74. c5 Bc7 75. Bd8 Bb8 76. Bb6 Kf6 77. Kd7 1-0

[Event "Cesenatico op 4th"]
[Site "Cesenatico"]
[Date "1999.??.??"]
[Round "6"]
[White "Iotti, Pierluigi"]
[Black "Grigore, George Gabriel"]
[Result "0-1"]
[WhiteElo "2318"]
[BlackElo "2526"]
[PlyCount "62"]
[EventDate "1999.??.??"]
[EventType "swiss"]
[EventRounds "9"]
[EventCountry "ITA"]
[SourceTitle "EXT 2000"]
[Source "ChessBase"]
[SourceDate "1999.11.16"]
[SourceVersion "1"]
[SourceVersionDate "1999.11.16"]
[SourceQuality "1"]

1. d4 Nf6 2. c4 g6 3. Nc3 Bg7 4. e4 d6 5. Be2 0-0 6. Nf3 Na6 7. 0-0 e5 8. d5 Nc5 9. Qc2 a5 10. Bg5 h6 11. Bh4 g5 12. Bg3 Nh5 13. h4 g4 14. Nh2 f5 15. exf5 Bxf5 16. Qd1 Nxg3 17. fxg3 h5 18. Rf2 Bh6 19. Nf1 Qe7 20. Na4 Nxa4 21. Qxa4 e4 22. Qc2 Qe5 23. Re1 e3 24. Rxf5 Rxf5 25. Kh2 Raf8 26. Qd3 Re8 27. Kg1 Qe4 28. Qxe4 Rxe4 29. Bd3 e2 30. Rxe2 Rxe2 31. Bxe2 Bg7 0-1

[Event "Cesenatico op 4th"]
[Site "Cesenatico"]
[Date "1999.??.??"]
[Round "8"]
[White "Iotti, Pierluigi"]
[Black "Lagrotteria, Salvatore"]
[Result "1/2-1/2"]
[WhiteElo "2318"]
[BlackElo "2179"]
[PlyCount "78"]
[EventDate "1999.??.??"]
[EventType "swiss"]
[EventRounds "9"]
[EventCountry "ITA"]
[SourceTitle "EXT 2000"]
[Source "ChessBase"]
[SourceDate "1999.11.16"]
[SourceVersion "1"]
[SourceVersionDate "1999.11.16"]
[SourceQuality "1"]

1. d4 d5 2. c4 dxc4 3. Nc3 e6 4. e4 c6 5. a4 Nf6 6. Bxc4 Bb4 7. f3 Nbd7 8. Nge2 0-0 9. 0-0 e5 10. Be3 Qe7 11. Qc2 exd4 12. Nxd4 Ne5 13. Ba2 Ne8 14. h3 Nd7 15. Nf5 Qf6 16. Ne2 Ne5 17. f4 Ng6 18. Bd4 Qd8 19. Rad1 Qc7 20. g4 a5 21. Rd3 Be6 22. Bb3 Bxb3 23. Qxb3 c5 24. Rc1 Nxf4 25. Nxf4 Qxf4 26. Rf1 Qc7 27. Rc1 Ra6 28. Qd5 Re6 29. b3 Nf6 30. Bxf6 Rxf6 31. e5 Re6 32. Nd6 Qe7 33. Nc4 h5 34. Rf1 Rg6 35. Rg3 hxg4 36. Rxg4 Rxg4+ 37. hxg4 Bc3 38. Kg2 Qg5 39. Kg3 Qe7 1/2-1/2